00591 a2200205 4500260001200000100002000012700002500032260001000057300000900067245010900076650003500185650004000220650003200260650004600292650001200338260000900350130000700359500000900366040001000375 aCotonou aGNANCADJA, Yves aOKOUMASSOUN, Mathias bENEAM b42 p aApport à l'amélioration du traitement de la TVA dans les entreprises commerciales: cas de la SODIREP aAPPORT DU TRAITEMENT DE LA TVA aAMELIRATION DU TRAITEMENT DE LA TVA aLES ENTREPRISE COMMERCIALES aTRAITEMENT DE LA TVA DANS LES ENTREPRISES aSODIREP c2005 lFr a3 ex aENEAM